000 01124nac a22003251i 4500
003 EG-ScBUE
005 20241007124539.0
008 241007t2003 maua f 001 0 eng d
020 _a0201755270
020 _a9780201755275
040 _aEG-ScBUE
_beng
_erda
_cEG-ScBUE
_dEG-ScBUE
082 0 4 _a515
_bFIN
_222
100 1 _aFinney, Ross L.,
_erevisor.
245 1 0 _aThomas' calculus :
_bbased on the original work by George B. Thomas, Jr. /
_cas revised by Ross L. Finney, Maurice D. Weir, Naval Postgraduate School and Frank R. Giordano.
246 3 0 _aCalculus
250 _aUpdated tenth edition.
264 1 _aBoston :
_bPearson Addison-Wesley,
_c[2003]
264 4 _cc2003
300 _a1 volume (various pagings) :
_billustrations (some color) ;
_c26 cm
336 _2rdacontent
_atext
_btxt
337 _aunmediated
_2rdamedia
_bn
338 _avolume
_bnc
_2rdacarrier
500 _aIncludes index.
650 7 _aCalculus.
_2BUEsh
650 7 _aGeometry, Analytic.
_2BUEsh
655 _vReading book
700 1 _aWeir, Maurice D.,
_erevisor.
700 1 _aGiordano, Frank R.,
_erevisor.
942 _cBB
_2ddc
999 _c1307
_d1307